Estudios de análisis económico del derecho.
-д хадгалсан:
| Үндсэн зохиолч: | |
|---|---|
| Формат: | Ном |
| Хэвлэсэн: |
Lima, Perú:
ARA Editores,
1996.
|
| Хэвлэл: | 1era. edición |
| Нөхцлүүд: | |
| Шошгууд: |
Шошго нэмэх
Шошго байхгүй, Энэхүү баримтыг шошголох эхний хүн болох!
|
MARC
| LEADER | 00000nam a22000007a 4500 | ||
|---|---|---|---|
| 003 | CL-VaPUC | ||
| 005 | 20220822114825.0 | ||
| 008 | 220805t1996 ||||| |||| 00| 0 eng d | ||
| 999 | |c 438036 |d 438034 | ||
| 020 | |a 9972-626-03-5 | ||
| 040 | |c Pontificia Universidad Católica de Valparaíso | ||
| 082 | 7 | |a 340.115 BUL 1996 |2 22 | |
| 100 | 1 | |a Bullard González, Alfredo |e autor |9 874930 | |
| 245 | |a Estudios de análisis económico del derecho. | ||
| 250 | |a 1era. edición | ||
| 260 | |a Lima, Perú: |b ARA Editores, |c 1996. | ||
| 300 | |a 429 páginas. | ||
| 500 | |a c.1 Donación Familia Prof. Alejandro Guzmán Brito. | ||
| 583 | |c 20220805 |k Catalogador Asistente | ||
| 650 | |a Derecho y economía |9 255885 | ||
| 650 | |a Derecho |x Aspectos económicos |9 875291 | ||
| 942 | |2 ddc |c BK |n 0 | ||
| 952 | |0 0 |1 0 |2 ddc |4 0 |6 340_115000000000000_BUL_1996 |7 0 |8 C_AGB |9 585907 |a BIBDER |b BIBDER |d 2022-08-05 |e Donación |i 5653841 |o 340.115 BUL 1996 |p 5653841 |r 2023-01-25 |t 1 |w 2022-08-05 |y BK_US |k AGB | ||